Most Played Games on Roblox - Statistics

General Stats
  • This quiz has been taken 72 times
  • The average score is 5 of 12
Answer Stats
How many plays? Games % Correct
16.5 Billion Grow a Garden
93%
36.1 Billion Adopt Me
78%
47.2 Billion Brookhaven
73%
33.3 Billion Blox Fruits
62%
14.7 Billion Murder Mystery
42%
15.9 Billion Meepcity
38%
23 Billion Tower of Hell
27%
12.6 Billion Piggy
25%
8.7 Billion Pet Simulator
24%
8.4 Billion Welcome to Bloxburg
20%
8.9 Billion Bed Wars
13%
9.7 Billion Royale High
13%
No matching quizzes found
Score Distribution
Percent of People with Each Score
Percentile by Number Answered
Your Score History
You have not taken this quiz